000 00257nam a2200109Ia 4500
008 230724s1998 xx und d
041 _aeng
100 _aWRIGHT.G.
245 _aHILL STATIONS OF INDIA
260 _bPENGUIN BOOKS LTD
_c1998
300 _a143
999 _c1174649
_d1174649